Ajuste por inflación (Registro nro. 13769)

Detalles MARC
000 -LEADER
fixed length control field 00345 a2200121 4500
001 - CONTROL NUMBER
control field ART_35088
005 - DATE AND TIME OF LATEST TRANSACTION
control field 20260410161646.0
008 - FIXED-LENGTH DATA ELEMENTS--GENERAL INFORMATION
fixed length control field 260409a
100 1# - MAIN ENTRY--PERSONAL NAME
Personal name Januszewski, Karina
245 10 - TITLE STATEMENT
Title Ajuste por inflación
700 1# - ADDED ENTRY--PERSONAL NAME
Personal name Gutiérrez, Adriana
773 0# - HOST ITEM ENTRY
Title Consultor tributario
Related parts - Año 9, Nº 106 (dic. 2015)
Record control number REV474

No hay ítems disponibles.